000 00861cam a2200253 a 4500
001 4979282
005 20180109074517.0
008 980304s1998 kyuab b 001 0 eng
010 _a 98016082
020 _a081312090X (cloth : alk. paper)
040 _aDLC
_cDLC
_dDLC
041 _aeng
043 _aa-ja---
080 _a952
082 0 0 _a952 MAT
_221
100 1 _a42
101 _aGJEO
245 1 0 _aJapanese landscapes :
_cby Cotton Mather, P.P. Karan, and Shigeru Iijima.
504 _aIncludes bibliographical references (p. 93-95) and index.
906 _a7
_bcbc
_corignew
_d1
_eocip
_f19
_gy-gencatlg
942 _2ddc
_cBK
999 _c39924
_d39924